Soaps, detergents and toiletries review (Record no. 23027)

MARC details
000 -LEADER
fixed length control field 00449nam a22001337a 4500
008 - FIXED-LENGTH DATA ELEMENTS--GENERAL INFORMATION
fixed length control field 090204t xxu||||| |||| 00| 0 eng d
245 ## - TITLE STATEMENT
Title Soaps, detergents and toiletries review
260 ## - PUBLICATION, DISTRIBUTION, ETC. (IMPRINT)
Place of publication, distribution, etc Mumbai
Name of publisher, distributor, etc Roshanlal Wadhera
Date of publication, distribution, etc 2008-
300 ## - PHYSICAL DESCRIPTION
Extent v.
Dimensions 26 cm
310 ## - CURRENT PUBLICATION FREQUENCY
Current publication frequency monthly
270 ## - ADDRESS
Address 232, Dr. D N Road,
City Mumbai
Postal code 400001
Telephone number 22615378
942 ## - ADDED ENTRY ELEMENTS (KOHA)
Source of classification or shelving scheme Dewey Decimal Classification
Item type Periodicals
Serial record 1
Holdings
Withdrawn status Lost status Source of classification or shelving scheme Damaged status Not for loan Collection code Home library Current library Date acquired Total Checkouts Date last seen Price effective from Koha item type
    Dewey Decimal Classification   Not For Loan Non-fiction D.B.Act.Division D.B.Act.Division 04/02/2009   04/02/2009 04/02/2009 Periodicals

© Delhi Public Library
Hit Counter
free hit counter